Tunnista eläin zoomatusta kuvasta III - Statistics

Yleistilastot
  • Tätä visaa on pelattu 86 kertaa
  • Keskiarvotulos 6 / 8
Vastaustilastot
Kuvavisa Vastaus % Oikein
tiikeri
100%
virtahepo
97%
käärme
93%
hevonen
89%
leopardi
85%
hirvi
75%
kissa
60%
hai
46%
Ehtoja vastaavia visoja ei löytynyt
Tulosjakauma
Jokaisen tuloksen saaneiden osuus
Persentiili vastausten määrän mukaan
Tuloshistoriasi
Et ole pelannut tätä visaa